Chceme slovenské potraviny najvyššej kvality

Podiel domácich potravín na pultoch obchodov neustále stúpa. Rozhodujúca je spokojnosť pri nákupe.

Saved in:
Bibliographic Details
Format: Book Chapter
Language:Slovak
Subjects:
Tags: Add Tag
No Tags, Be the first to tag this record!

MARC

LEADER 00000naa a2200000 4500
001 0241473
005 20180326101403.0
041 0 |a slo 
044 |a SK 
245 1 0 |a Chceme slovenské potraviny najvyššej kvality 
520 |a Podiel domácich potravín na pultoch obchodov neustále stúpa. Rozhodujúca je spokojnosť pri nákupe. 
610 2 0 |a Slovensko 
610 2 0 |a predaj 
610 2 0 |a výroba domácka 
610 2 0 |a reťazce obchodné 
610 2 0 |a potraviny 
610 2 0 |a kvalita tovaru